000 00614nam a2200241Ia 4500
003 OSt
005 20220924121558.0
006 a|||||r|||| 00| 0
007 ta
008 220923b |||||||| |||| 00| 0 urd d
020 _c150.00
024 _a311639
037 _cTextual
040 _aARTS
_cARTS
_burd
041 _2urd
_aurd
082 _aO168,1:gx, N4
100 _aRumani Premi
_9186493
245 0 _aRadde Amal
260 _aJammu
_bDeep Publisher India
_c1994
650 _aURDU POETRY
942 _hO168,1:gx, N4
_cTEXL
_2CC
999 _c408133
_d408133